| 000 | 00603nam a22002177a 4500 | ||
|---|---|---|---|
| 999 |
_c8453 _d8453 |
||
| 001 | 22054 | ||
| 003 | BD-DhUAP | ||
| 005 | 20240319122049.0 | ||
| 008 | 240319b20032009-uk |||| |||| 000 0 eng d | ||
| 020 | _a9780194389228 | ||
| 040 |
_aBD-ChCU _beng _cBD-ChCU _dBD-DhUAP |
||
| 082 |
_222 _a418.02 HOU |
||
| 100 | _aHouse,Juliane. | ||
| 245 |
_aTranslation / _bJuliane House. |
||
| 260 |
_aNew York : _bOxford University Press. _cc2009. |
||
| 300 |
_a122 P . : _c20 cm. |
||
| 440 | _aOxford Introduction to Language Study | ||
| 650 | _aTranslating | ||
| 700 |
_aWiddowns H.G. _eSeries ed. |
||
| 942 |
_2ddc _cBK |
||